Fundamentos de administración financiera (Registro nro. 36464)

Detalles MARC
000 -CABECERA
Longitud fija campo de control 00907nam a2200241 b 4500
003 - IDENTIFICADOR DELl NÚMERO DE CONTROL
Identificador del número de control OSt
005 - FECHA Y HORA DE LA ÚLTIMA TRANSACCIÓN
Fecha y hora de la última transacción 20260327105201.0
008 - CÓDIGOS DE INFORMACIÓN DE LONGITUD FIJA
Códigos de información de longitud fija 020226s2015 esp 000 0 spa d
020 ## - NÚMERO INTERNACIONAL NORMALIZADO PARA LIBROS
Número Internacional Normalizado para Libros (ISBN) 978-607-526-936-8
040 ## - FUENTE DE LA CATALOGACIÓN
Centro catalogador de origen BR-MU
Centro transcriptor BMC
082 ## - NÚMERO DE LA CLASIFICACIÓN DECIMAL DEWEY
Númeroo de clasificación 658.15
100 1# - PUNTO DE ACCESO PRINCIPAL-NOMBRE DE PERSONA
Nombre de persona Brigham, Eugene F.
9 (RLIN) 8494
245 10 - MENCIÓN DE TÍTULO
Título Fundamentos de administración financiera
Mención de responsabilidad, etc. Eugene F. Brigham, Joel F. Houston ; traducción, Enrique C. Mercado González ; revisión técnica, Luis Heriberto García Muñiz … [et al.]
250 ## - MENCIÓN DE EDICIÓN
Mención de edición 15ª ed
260 ## - PUBLICACIÓN, DISTRIBUCIÓN, ETC. (PIE DE IMPRENTA)
Lugar de publicación, distribución, etc. México, D.F. [etc.]
Nombre del editor, distribuidor, etc. Cengage Learning
Fecha de publicación, distribución, etc. 2020
300 ## - DESCRIPCIÓN FÍSICA
Extensión XXIII ; 761 p.
Dimensiones 27 cm
594 ## - NOTA AL TÍTULO Y MENCIÓN DE RESPONSABIBLIDAD
Nota Al Título Y Mención De Responsabilidad Traducción de: Fundamentals of financial management, fifteenth edition
650 24 - PUNTO DE ACCESO ADICIONAL DE MATERIA - TÉRMINO DE MATERIA
Término de materia o nombre geográfico como elemento inicial Empresas
Subdivisión de materia general Finanzas
9 (RLIN) 5713
700 ## - PUNTO DE ACCESO ADICIONAL - NOMBRE DE PERSONA
Nombre de persona Houston, Joel F.‏
9 (RLIN) 42160
700 1# - PUNTO DE ACCESO ADICIONAL - NOMBRE DE PERSONA
Nombre de persona Mercado González, Enrique‏
9 (RLIN) 6350
700 1# - PUNTO DE ACCESO ADICIONAL - NOMBRE DE PERSONA
Nombre de persona García Muñiz, Luis Heriberto
9 (RLIN) 50173
942 ## - ENTRADA DE ELEMENTOS AGREGADOS (KOHA)
Fuente de clasificaión o esquema Dewey Decimal Classification
Koha [por defecto] tipo de item 1- Monografias
Existencias
Suprimido Perdido Fuente de clasificación o esquema Estropeado Restricciones de uso No para préstamo Código de colección Localización permanente Localización actual Localización en estanter&íacute;as Fecha adquisición Fuente de adquisición Número de inventario Préstamos totales Signatura completa Código de barras Fecha última consulta Coste, precio reemplazado Fecha del precio de reemplazo Tipo de item de Koha
NULL NULL Dewey Decimal Classification NULL Prestable NULL NULL Biblioteca Miguel de Cervantes - UNICAES Biblioteca Miguel de Cervantes - UNICAES Sala Principal 17/12/2025 Compra-F.de C.C. Empresariales 036571   658.15 BRI fun 1054160 24/02/2026 49.98 24/02/2026 1- Monografias
NULL NULL Dewey Decimal Classification NULL Prestable NULL NULL Biblioteca Miguel de Cervantes - UNICAES Biblioteca Miguel de Cervantes - UNICAES Sala Principal 17/12/2025 Compra-F.de C.C. Empresariales 036572   658.15 BRI fun 1054161 24/02/2026 49.98 24/02/2026 1- Monografias
NULL NULL Dewey Decimal Classification NULL Prestable NULL NULL Biblioteca Miguel de Cervantes - UNICAES Biblioteca Miguel de Cervantes - UNICAES Sala Principal 17/12/2025 Compra-F.de C.C. Empresariales 036573   658.15 BRI fun 1054162 24/02/2026 49.98 24/02/2026 1- Monografias